1172 1554 1593 1260 1143 1919 1604 1276 1828 1742 1168 1318 1284 1431 1115 1761 1654 1632 1569 1712 1592 1078 1086 1685 1534 1636 1242 1472 1236 1304 1363 1640 1380 1264 1164 1661 1606 1952 1093 1606 1063 1329 1195 1831 1703 1784 1200 1082 1696 1529 1322 1616 1929 1619 1205 1650 1466 1573 1779 1092 1540 1547 1299 1320 1977 1856 1039 1226 1040 1992 1069 1513 1619 1196 1490 1880 1164 1770 1056 1459 1940 1330 1787 1948 1401 1071 1579 1006 1670 1596 1491 1189 1902 1119 1048 1991 1894 1967 1878 BCNSPRNW ULIB Ver.6.0+V

เปลี่ยนเป็นภาษาไทย

Change to English
 แสดงรายละเอียดบรรณานุกรม
  กลับหน้าหลัก

Brief Record : Get Marc (ISO 2709) : E-mail record : QR code < ปิดหน้าต่าง
LEADER : 00000nam 2200000uu 4500
001    13399127116
003     ULIB
008    191016s2017||||th 000 0 tha d
020    ^a9781438077031 (pbk.)
050  4 ^aPE1128^bL887B
100 1  ^aLougheed, Lin,^d1946
245 10 ^aBarron s essential words for the IELTS /^cLin Lougheed
246 30 ^aEssential words for the IELTS
250    ^a3rd ed.
260    ^aHauppauge, N.Y. :^bBarron s Educational Series,^c2017
300    ^a379 p. :^bill. ;^c23 cm. +^e1 CD-ROM
650  0 ^aInternational English Language Testing System^vStudyguides
650  0 ^aEnglish language^vTextbooks for foreign speakers
650  0 ^aEnglish language^xExaminations^vStudy guides
650  0 ^aVocabulary^xExaminations^vStudy guides
653    ^aIELTS
945    ^p540^l0^i006305
999    ^aประนอม เกษจรัล
รายการนี้ยังไม่มีแท็ก
คุณยังไม่ได้ล็อกอิน คุณสามารถมีกิจกรรมร่วมกับเว็บไซต์ได้ แต่ต้องล็อกอินก่อน ::
  ล็อกอิน

รายการสื่อสารสนเทศ

ลำดับที่ ประเภท เลขเรียก/บาร์โค้ด สถานที่ สถานะ
1. การศึกษาทั่วไป
การศึกษาทั่วไป
PE1128 L887B ฉ.1 
  Barcode: 006305
ห้องสมุดวิทยาเขตสวรรค์ประชารักษ์
►หนังสือทั่วไป
บนชั้น

BibComment


ยังไม่เคยถูกคอมเมนท์

คอมเมนท์ทรัพยากรรายการนี้
  คอมเมนท์: Barron s essenti..


 Copyright 2026. Bcnsprnw @Library